| 000 | 00602nam a2200181 a 4500 | ||
|---|---|---|---|
| 001 | 000039949 | ||
| 005 | 20201002033827.0 | ||
| 008 | 130731s1987 dr ac 000 0 spa d | ||
| 040 |
_aDO-SdBNP _bspa _cBNPHU |
||
| 100 | 1 |
_aMorrison, Ramón _917447 |
|
| 245 | 1 | 0 |
_aLegislación educativa dominicana 1844-1985 / _cRamón Morrison. |
| 260 |
_aSanto Domingo : _bUniversidad Autónoma de Santo Domingo, _c1987. |
||
| 300 |
_av.(217) p. ; : _bil., retrs. ; _c28 cm. |
||
| 500 | _aLa biblioteca posee el v. 1 | ||
| 500 | _aTexto a dos columnas | ||
| 505 | 0 |
_av. 1 _t1844-1930 |
|
| 450 | _aBibliografía : p. 217 | ||
| 999 |
_c39439 _d39439 |
||